Top 25 Highest-Scoring Quizzes on Jetpunk - Statistics

General Stats
  • This quiz has been taken 50 times
  • The average score is 8 of 25
Answer Stats
rank quiz author % Correct
2 The Seven {Continents} Map Quiz Quizzer6794
91%
22 10 Biggest Economies in {Asia} Quizmaster
64%
4 {Seven} Continents Quiz Quizmaster
57%
1 10 Biggest Economies in the {Americas} Quizmaster
51%
21 {Arab} Spring Countries WolfCam
45%
25 Bay of {Bengal} Countries With an Empty Map Jiaozira
45%
14 10 Biggest {European} Countries by Area gjcsarris
43%
16 {Arctic} Ocean Countries KoljiVriVoda
43%
23 English Premier League Never {Relegated} Teams mo918
40%
10 Top 10 Biggest {Economies} in Europe Quizmaster
40%
5 US States That Start with N - {Shape} Quiz KoljiVriVoda
34%
11 10 Biggest {American} Countries by Area gjcsarris
32%
9 Chess Pieces (With {Board} and Pictures!) Stewart
30%
7 New {England} States DavonK30
30%
3 {Flags} of Countries that Start with I KoljiVriVoda
26%
15 Countries Bordering {South} {Africa} DerMan4
21%
19 Countries that Border {Iraq} cm134
19%
20 Great {Lakes} Quiz Quizmaster
17%
6 Countries Bordering {Serbia} Jiaozira
15%
12 Countries Bordering {Kenya} KoljiVriVoda
11%
8 Countries Bordering {Myanmar} Jiaozira
9%
18 Name the {Planets} Quiz Quizmaster
9%
13 {Andean} Countries relessness
4%
17 {Himalayan} Countries relessness
4%
24 {Indochina} Countries KoljiVriVoda
4%
No matching quizzes found
Score Distribution
Percent of People with Each Score
Percentile by Number Answered
Your Score History
You have not taken this quiz